[Event "Winnipeg TNT February op"]
[Site "Winnipeg CAN"]
[Date "2017.02.07"]
[Round "1.4"]
[White "Clark, Jeff"]
[Black "Myrzaibraimov, Azamat"]
[Result "1-0"]
[WhiteElo "2049"]
[BlackElo "1633"]
[WhiteFideId "-1"]
[WhiteFideId "-1"]
[PlyCount "61"]
[GameId "2160767908478709"]
[EventDate "2017.02.07"]
[EventType "swiss"]
[EventRounds "4"]
[EventCountry "CAN"]
[SourceTitle "EXT 2022"]
[Source "ChessBase"]
[SourceDate "2021.10.06"]
[SourceVersion "1"]
[SourceVersionDate "2021.10.06"]
[SourceQuality "1"]

1. Nf3 Nc6 2. d4 d5 3. Bf4 Nf6 4. e3 a6 5. Be2 Bg4 6. Nbd2 Ne4 7. Nxe4 dxe4 8. Ne5 Nxe5 9. Bxe5 Bf5 10. O-O e6 11. c4 Bd6 12. Bxd6 cxd6 13. Qa4+ Qd7 14. Qxd7+ Kxd7 15. h4 h5 16. b4 g6 17. Rfc1 d5 18. c5 b5 19. a4 Kc6 20. Ra3 Bg4 21. Bf1 e5 22. Rca1 Rab8 23. axb5+ axb5 24. Ra7 Bc8 25. Rxf7 Re8 26. Raa7 Bb7 27. Ra5 Bc8 28. Rg7 exd4 29. Rxg6+ Kc7 30. Bxb5 Re7 31. exd4 1-0

[Event "Winnipeg TNT February op"]
[Site "Winnipeg CAN"]
[Date "2017.02.07"]
[Round "1.4"]
[White "Goodman, Clifford"]
[Black "Magnusson, Saul"]
[Result "1/2-1/2"]
[WhiteElo "1595"]
[BlackElo "2082"]
[WhiteFideId "-1"]
[WhiteFideId "-1"]
[PlyCount "103"]
[GameId "2160767908478711"]
[EventDate "2017.02.07"]
[EventType "swiss"]
[EventRounds "4"]
[EventCountry "CAN"]
[SourceTitle "EXT 2022"]
[Source "ChessBase"]
[SourceDate "2021.10.06"]
[SourceVersion "1"]
[SourceVersionDate "2021.10.06"]
[SourceQuality "1"]

1. Nf3 Nf6 2. c4 g6 3. g3 Bg7 4. Bg2 d5 5. cxd5 Nxd5 6. O-O O-O 7. Nc3 Nxc3 8. dxc3 Nc6 9. Qxd8 Rxd8 10. Be3 Be6 11. Ng5 Bd5 12. Rfd1 Bxg2 13. Kxg2 a6 14. f4 Na5 15. Bc5 Nc4 16. Rab1 b6 17. b3 Rxd1 18. Rxd1 Nb2 19. Rb1 bxc5 20. Rxb2 Bxc3 21. Rc2 Bb4 22. Ne4 Rd8 23. Nxc5 a5 24. Nd3 Bd6 25. Kf3 f5 26. Nf2 e5 27. fxe5 Bxe5 28. Rc5 Bd4 29. Rxc7 Re8 30. Rc2 Re3+ 31. Kg2 Kf7 32. Nd1 Re7 33. Nf2 Kf6 34. Kf3 Re3+ 35. Kg2 Ke6 36. Nd1 Re5 37. Kf3 g5 38. Nf2 Re3+ 39. Kg2 h5 40. Nd1 Re5 41. Nf2 Kd5 42. Nd3 Re8 43. Rd2 Rc8 44. Nf2 Ke5 45. Nd3+ Ke4 46. Ne1 Rc1 47. Nf3 Be3 48. Rd7 Rc3 49. Re7+ Kd5 50. Rd7+ Ke6 51. Rd3 Rxd3 52. exd3 1/2-1/2

[Event "Winnipeg TNT February op"]
[Site "Winnipeg CAN"]
[Date "2017.02.07"]
[Round "1.4"]
[White "Letain, Cory"]
[Black "Piche, Zachary"]
[Result "1-0"]
[WhiteElo "1737"]
[BlackElo "1319"]
[WhiteFideId "-1"]
[WhiteFideId "-1"]
[PlyCount "85"]
[GameId "2160767908478713"]
[EventDate "2017.02.07"]
[EventType "swiss"]
[EventRounds "4"]
[EventCountry "CAN"]
[SourceTitle "EXT 2022"]
[Source "ChessBase"]
[SourceDate "2021.10.06"]
[SourceVersion "1"]
[SourceVersionDate "2021.10.06"]
[SourceQuality "1"]

1. e4 c5 2. Nf3 d6 3. d4 cxd4 4. Nxd4 Nf6 5. Nc3 a6 6. f3 e6 7. Bc4 Nbd7 8. Be3 b5 9. Bd3 Bb7 10. Qd2 Be7 11. O-O-O Qc7 12. Bxb5 axb5 13. Ndxb5 Qc4 14. b3 Qc6 15. Kb2 Ba6 16. Nxd6+ Bxd6 17. Qxd6 Qxd6 18. Rxd6 O-O 19. Rhd1 Ne5 20. Bd4 Nfd7 21. f4 Nc4+ 22. bxc4 Rfb8+ 23. Ka1 Nf6 24. Bxf6 gxf6 25. Nb5 Bxb5 26. cxb5 Kg7 27. c4 Ra4 28. Rc1 Rc8 29. Rc6 Rca8 30. Rc2 Rd8 31. b6 Rb4 32. Rc1 Rd2 33. Rc7 Ra4 34. Ra7 Rb4 35. c5 Rd8 36. b7 Rb8 37. c6 e5 38. c7 R8xb7 39. Rxb7 Rxb7 40. c8=Q Rb5 41. Qg4+ Kf8 42. Rc8+ Ke7 43. Rc7+ 1-0

[Event "Winnipeg TNT February op"]
[Site "Winnipeg CAN"]
[Date "2017.02.07"]
[Round "1.4"]
[White "Magyar, Peter"]
[Black "Remillard, John"]
[Result "0-1"]
[WhiteElo "1529"]
[BlackElo "1646"]
[WhiteFideId "-1"]
[WhiteFideId "-1"]
[PlyCount "115"]
[GameId "2160767908478714"]
[EventDate "2017.02.07"]
[EventType "swiss"]
[EventRounds "4"]
[EventCountry "CAN"]
[SourceTitle "EXT 2022"]
[Source "ChessBase"]
[SourceDate "2021.10.06"]
[SourceVersion "1"]
[SourceVersionDate "2021.10.06"]
[SourceQuality "1"]

1. d4 c5 2. c3 cxd4 3. cxd4 d5 4. Bf4 e6 5. e3 a6 6. Nf3 Bd6 7. Bg3 Bxg3 8. hxg3 Nc6 9. Be2 Nf6 10. Nbd2 Bd7 11. a3 Na7 12. Ne5 Qb6 13. Qb1 Bb5 14. Bd3 Bxd3 15. Nxd3 Nb5 16. Ne5 Nd6 17. f3 Rc8 18. g4 g6 19. O-O h5 20. Nxg6 fxg6 21. Qxg6+ Ke7 22. g5 Rcf8 23. gxf6+ Rxf6 24. Qg7+ Nf7 25. b4 Qd8 26. Qg3 h4 27. Qh2 Rg6 28. Rac1 Kd7 29. Kf2 Rhg8 30. Rg1 Nd6 31. Nf1 Nc4 32. a4 Qf6 33. Qf4 Qg7 34. Qxh4 Rxg2+ 35. Rxg2 Qxg2+ 36. Ke1 Qg7 37. Rc2 Rh8 38. Qg4 Qxg4 39. fxg4 Rh1 40. Rh2 Rxh2 41. Nxh2 Nxe3 42. Kd2 Nc4+ 43. Kc3 b5 44. axb5 axb5 45. Nf3 Ke7 46. g5 Kf7 47. Nh4 Nd6 48. Nf3 Ne4+ 49. Kd3 Kg6 50. Ne5+ Kxg5 51. Nc6 Kf5 52. Na7 Nd6 53. Nc6 Kf4 54. Ne5 Nc4 55. Ng6+ Kf5 56. Ne7+ Kf6 57. Nc6 e5 58. Kc3 0-1

[Event "Winnipeg TNT February op"]
[Site "Winnipeg CAN"]
[Date "2017.02.07"]
[Round "1.4"]
[White "Myrzaibraimova, Aibike"]
[Black "Wiebe, Isaac"]
[Result "0-1"]
[WhiteElo "1582"]
[BlackElo "2210"]
[WhiteFideId "-1"]
[WhiteFideId "-1"]
[PlyCount "38"]
[GameId "2160767908478715"]
[EventDate "2017.02.07"]
[EventType "swiss"]
[EventRounds "4"]
[EventCountry "CAN"]
[SourceTitle "EXT 2022"]
[Source "ChessBase"]
[SourceDate "2021.10.06"]
[SourceVersion "1"]
[SourceVersionDate "2021.10.06"]
[SourceQuality "1"]

1. e4 e6 2. d4 d5 3. e5 c5 4. Nf3 cxd4 5. Nxd4 Nc6 6. Bf4 Bc5 7. Bb5 Bd7 8. Nxc6 bxc6 9. Ba4 Ne7 10. O-O Ng6 11. Bg3 h5 12. h3 Qg5 13. Re1 Qxg3 14. Qd2 Nh4 15. Kf1 Qxg2+ 16. Ke2 Qf3+ 17. Kf1 Qxh3+ 18. Ke2 Qg4+ 19. Kd3 Qc4# 0-1

[Event "Winnipeg TNT February op"]
[Site "Winnipeg CAN"]
[Date "2017.02.07"]
[Round "1.4"]
[White "Prince, Colin"]
[Black "Ford, Stephen"]
[Result "1-0"]
[WhiteElo "1870"]
[BlackElo "1575"]
[WhiteFideId "-1"]
[WhiteFideId "-1"]
[PlyCount "127"]
[GameId "2160767908478716"]
[EventDate "2017.02.07"]
[EventType "swiss"]
[EventRounds "4"]
[EventCountry "CAN"]
[SourceTitle "EXT 2022"]
[Source "ChessBase"]
[SourceDate "2021.10.06"]
[SourceVersion "1"]
[SourceVersionDate "2021.10.06"]
[SourceQuality "1"]

1. e4 e5 2. Nf3 Nc6 3. Bc4 d6 4. d4 exd4 5. Nxd4 Ne5 6. Be2 Nf6 7. Nc3 Be7 8. f4 Nc6 9. Be3 a6 10. O-O O-O 11. Bf3 Rb8 12. a3 Re8 13. h3 Bf8 14. Qe1 Nxd4 15. Bxd4 h6 16. Qg3 c5 17. Bf2 b6 18. Rad1 Qc7 19. Rfe1 Bb7 20. Re2 Re7 21. Rde1 Rbe8 22. a4 Qb8 23. Qh4 Qa8 24. f5 Rd7 25. Bg3 Nh7 26. Bh2 Ng5 27. Qg3 Nxf3+ 28. gxf3 Qb8 29. Qg4 f6 30. Bf4 Kh8 31. Qg6 Qd8 32. Rg2 Qe7 33. Bxh6 Qf7 34. Bc1 Qxg6 35. Rxg6 d5 36. Kf2 dxe4 37. fxe4 Rde7 38. Rg4 Rd7 39. b3 Bd6 40. Bf4 Bxf4 41. Rxf4 Rd2+ 42. Re2 Rxe2+ 43. Kxe2 Bc6 44. Kf2 b5 45. axb5 axb5 46. Kf3 Kg8 47. Ne2 Kf7 48. Rh4 Kg8 49. Ng3 Rd8 50. Rg4 Rd7 51. Nh5 Rf7 52. Nf4 Rd7 53. Ne6 c4 54. bxc4 bxc4 55. Ke3 Ba4 56. Nc5 Ra7 57. Nxa4 Rxa4 58. c3 Ra7 59. Kd4 Rc7 60. h4 Kf7 61. h5 Rc8 62. Rh4 Ke7 63. h6 gxh6 64. Rxh6 1-0

[Event "Winnipeg TNT February op"]
[Site "Winnipeg CAN"]
[Date "2017.02.07"]
[Round "1.4"]
[White "Reimer, Bruce"]
[Black "Baron, Gustav"]
[Result "0-1"]
[WhiteElo "1576"]
[BlackElo "2015"]
[WhiteFideId "-1"]
[WhiteFideId "-1"]
[PlyCount "108"]
[GameId "2160767908478717"]
[EventDate "2017.02.07"]
[EventType "swiss"]
[EventRounds "4"]
[EventCountry "CAN"]
[SourceTitle "EXT 2022"]
[Source "ChessBase"]
[SourceDate "2021.10.06"]
[SourceVersion "1"]
[SourceVersionDate "2021.10.06"]
[SourceQuality "1"]

1. c4 b6 2. e4 Bb7 3. Nc3 e6 4. d3 Bb4 5. Nge2 d6 6. g3 Nf6 7. a3 Bxc3+ 8. Nxc3 a5 9. Bg2 Nbd7 10. O-O e5 11. Nb5 h6 12. h3 O-O 13. f4 Nc5 14. Be3 Nfd7 15. Rc1 a4 16. f5 Bc6 17. Nc3 Nb3 18. Rc2 f6 19. Qg4 Kh8 20. Rcf2 Qe7 21. Qh5 Ndc5 22. Qd1 Be8 23. Bf3 Bf7 24. g4 Nd4 25. Bxd4 exd4 26. Nb5 Nb3 27. e5 dxe5 28. Bxa8 Rxa8 29. Qf3 Qd8 30. Nxc7 Rc8 31. Na6 Qd7 32. Nb4 Nc5 33. Rd1 Kg8 34. Rc2 b5 35. Nd5 bxc4 36. Nb6 Qb5 37. Nxc8 cxd3 38. Ne7+ Kf8 39. Rxc5 Qxc5 40. Ng6+ Ke8 41. Qa8+ Kd7 42. Qxa4+ Kd6 43. Qb4 Qxb4 44. axb4 e4 45. Nf4 Bb3 46. Rd2 Bc4 47. Rd1 Kc6 48. Ne6 e3 49. Nxd4+ Kd5 50. Nc2 e2 51. Rd2 Ke4 52. Ne1 Ke3 53. Rxe2+ Kxe2 54. Nxd3 Bxd3 0-1

[Event "Winnipeg TNT February op"]
[Site "Winnipeg CAN"]
[Date "2017.02.07"]
[Round "1.4"]
[White "Russo, Max"]
[Black "Green, Jim"]
[Result "1/2-1/2"]
[WhiteElo "1541"]
[BlackElo "1869"]
[WhiteFideId "-1"]
[WhiteFideId "-1"]
[PlyCount "98"]
[GameId "2160767908478718"]
[EventDate "2017.02.07"]
[EventType "swiss"]
[EventRounds "4"]
[EventCountry "CAN"]
[SourceTitle "EXT 2022"]
[Source "ChessBase"]
[SourceDate "2021.10.06"]
[SourceVersion "1"]
[SourceVersionDate "2021.10.06"]
[SourceQuality "1"]

1. d4 d5 2. Nf3 Nf6 3. e3 c6 4. Bd3 Bg4 5. h3 Bxf3 6. Qxf3 g6 7. b3 Bg7 8. O-O O-O 9. Bb2 Qc7 10. Nd2 Nbd7 11. c4 e6 12. cxd5 exd5 13. b4 Rfe8 14. a3 Nb6 15. a4 a6 16. Rfc1 Nbd7 17. e4 Bh6 18. e5 Bxd2 19. Rc2 Bxb4 20. exf6 Qd6 21. Bc3 Bxc3 22. Rxc3 Nxf6 23. Rb1 Ne4 24. Rxb7 f5 25. Bxe4 Rxe4 26. Re3 Rb8 27. Rxe4 Rxb7 28. Re5 Re7 29. Rxe7 Qxe7 30. Qc3 Qc7 31. Qc5 Kf7 32. g3 a5 33. Kg2 Ke6 34. Qf8 Qe7 35. Qc8+ Qd7 36. Qg8+ Kd6 37. Qf8+ Qe7 38. Qb8+ Qc7 39. Qh8 Ke6 40. f4 Kd6 41. Qe5+ Kd7 42. Qg7+ Kc8 43. Qg8+ Kb7 44. Qf8 Qb6 45. Qe7+ Qc7 46. Qc5 Qb6 47. Qe7+ Qc7 48. Qe5 Qb6 49. Qe7+ Qc7 1/2-1/2

[Event "Winnipeg TNT February op"]
[Site "Winnipeg CAN"]
[Date "2017.02.07"]
[Round "1.4"]
[White "Valentino, Marcos"]
[Black "Czarny, Keith"]
[Result "1-0"]
[WhiteElo "2214"]
[BlackElo "1661"]
[WhiteFideId "-1"]
[WhiteFideId "-1"]
[PlyCount "67"]
[GameId "2160767908478719"]
[EventDate "2017.02.07"]
[EventType "swiss"]
[EventRounds "4"]
[EventCountry "CAN"]
[SourceTitle "EXT 2022"]
[Source "ChessBase"]
[SourceDate "2021.10.06"]
[SourceVersion "1"]
[SourceVersionDate "2021.10.06"]
[SourceQuality "1"]

1. Nf3 b6 2. c4 e6 3. b3 Nf6 4. Bb2 Bb7 5. g3 Be7 6. Bg2 O-O 7. O-O d6 8. Nc3 Nbd7 9. Qc2 a6 10. d4 Rc8 11. Rad1 Ne8 12. Ng5 Bxg5 13. Bxb7 Rb8 14. Bxa6 e5 15. Bb5 Bf6 16. Nd5 exd4 17. Nxf6+ Nexf6 18. Bxd4 Qe7 19. Bc6 Ne5 20. Bg2 Rbe8 21. e3 c5 22. Bb2 Qe6 23. h3 h6 24. Rd2 Nh7 25. f4 Ng6 26. e4 f5 27. e5 Nf6 28. exf6 Qe3+ 29. Kh2 gxf6 30. Rxd6 h5 31. Qxf5 Ne7 32. Qxh5 Rf7 33. Bxf6 Rh7 34. Qxe8# 1-0

[Event "Winnipeg TNT February op"]
[Site "Winnipeg CAN"]
[Date "2017.02.14"]
[Round "2"]
[White "Baron, Gustav"]
[Black "Einarsson, Ken"]
[Result "1-0"]
[WhiteElo "2015"]
[BlackElo "1711"]
[WhiteFideId "-1"]
[WhiteFideId "-1"]
[PlyCount "67"]
[GameId "2160767908478720"]
[EventDate "2017.02.07"]
[EventType "swiss"]
[EventRounds "4"]
[EventCountry "CAN"]
[SourceTitle "EXT 2022"]
[Source "ChessBase"]
[SourceDate "2021.10.06"]
[SourceVersion "1"]
[SourceVersionDate "2021.10.06"]
[SourceQuality "1"]

1. e4 c6 2. d4 d5 3. e5 Bf5 4. h4 e6 5. g4 Be4 6. f3 Bxc2 7. Qxc2 Nd7 8. Nc3 Rc8 9. Be3 c5 10. Nge2 cxd4 11. Bxd4 Bc5 12. f4 Bxd4 13. Nxd4 Qb6 14. O-O-O Ne7 15. Bb5 Nc6 16. Bxc6 bxc6 17. f5 exf5 18. e6 fxe6 19. Nxe6 Qe3+ 20. Kb1 Qxe6 21. Rhe1 Ne5 22. gxf5 Qd6 23. Nb5 Qb8 24. Nxa7 Qxa7 25. Rxe5+ Kf7 26. f6 gxf6 27. Rh5 Qe3 28. Rxh7+ Rxh7 29. Qxh7+ Ke6 30. Qb7 Qe4+ 31. Ka1 Rh8 32. Qxc6+ Kf7 33. Qd7+ Kf8 34. Qd8+ 1-0

[Event "Winnipeg TNT February op"]
[Site "Winnipeg CAN"]
[Date "2017.02.14"]
[Round "2.4"]
[White "Gannon, Keith"]
[Black "Magyar, Peter"]
[Result "0-1"]
[WhiteElo "1623"]
[BlackElo "1529"]
[WhiteFideId "-1"]
[WhiteFideId "-1"]
[PlyCount "112"]
[GameId "2160767908478721"]
[EventDate "2017.02.07"]
[EventType "swiss"]
[EventRounds "4"]
[EventCountry "CAN"]

1. e4 e6 2. d4 d5 3. exd5 exd5 4. Nf3 Nf6 5. Be2 Be7 6. O-O O-O 7. Bf4 Nc6 8. Nc3 Be6 9. Re1 a6 10. a3 Nh5 11. Be3 Bd6 12. g3 Be7 13. Ne5 Nf6 14. Nxc6 bxc6 15. b4 Bh3 16. Bf3 Qd7 17. Bg5 Qf5 18. Rxe7 Qxg5 19. Rxc7 Rac8 20. Rxc8 Rxc8 21. Qc1 Qf5 22. Bg2 Re8 23. Bxh3 Qxh3 24. Qf1 Qf5 25. Rc1 Ng4 26. h3 Nf6 27. a4 Qf3 28. Nb1 Re2 29. Qg2 Qxg2+ 30. Kxg2 Ne4 31. Rf1 Rxc2 32. b5 cxb5 33. axb5 axb5 34. Na3 Rb2 35. Nb1 b4 36. g4 f6 37. h4 Nd2 38. Nxd2 Rxd2 39. g5 fxg5 40. hxg5 Rxd4 41. f4 b3 42. Kf3 Rb4 43. f5 b2 44. Rb1 Kf7 45. g6+ hxg6 46. fxg6+ Kxg6 47. Ke3 Kf5 48. Kd3 g5 49. Rf1+ Rf4 50. Rg1 g4 51. Kc2 Rf2+ 52. Kb1 Kf4 53. Rd1 Ke4 54. Re1+ Kd3 55. Rd1+ Kc3 56. Rxd5 Rf1+ 0-1

[Event "Winnipeg TNT February op"]
[Site "Winnipeg CAN"]
[Date "2017.02.14"]
[Round "2.4"]
[White "Green, Jim"]
[Black "Leaden, Bruce"]
[Result "1-0"]
[WhiteElo "1869"]
[BlackElo "1448"]
[WhiteFideId "-1"]
[WhiteFideId "-1"]
[PlyCount "122"]
[GameId "2160767908478722"]
[EventDate "2017.02.07"]
[EventType "swiss"]
[EventRounds "4"]
[EventCountry "CAN"]
[SourceTitle "EXT 2022"]
[Source "ChessBase"]
[SourceDate "2021.10.06"]
[SourceVersion "1"]
[SourceVersionDate "2021.10.06"]
[SourceQuality "1"]

1. e4 e5 2. Nf3 Nc6 3. d4 d6 4. dxe5 Bg4 5. exd6 Bxd6 6. Be2 Nge7 7. O-O h5 8. Nc3 a6 9. Be3 Qd7 10. a3 O-O-O 11. b4 Qe8 12. Qe1 Ne5 13. Nd4 Bxe2 14. Qxe2 Ng4 15. f4 Nc6 16. Nb3 Nxe3 17. Qxe3 Rh6 18. Qh3+ Kb8 19. Rad1 Na7 20. e5 Bf8 21. Rxd8+ Qxd8 22. Rd1 Qc8 23. Qxc8+ Kxc8 24. Nd4 c5 25. Nf5 Rc6 26. Nd5 cxb4 27. Nfe7+ Bxe7 28. Nxe7+ Kc7 29. Nxc6 Nxc6 30. axb4 Nxb4 31. f5 Nc6 32. e6 fxe6 33. fxe6 Kc8 34. Kf2 a5 35. c4 a4 36. Ra1 Kd8 37. Rxa4 Ke7 38. Ra8 Kxe6 39. Rh8 g6 40. Rh7 Ne5 41. Rxb7 Nxc4 42. h3 Kf5 43. Rb5+ Kf6 44. Kf3 Ne5+ 45. Ke3 Nf7 46. Ra5 Nh6 47. Kf4 Nf7 48. Ra6+ Kg7 49. Ra7 Kf6 50. h4 Kg7 51. Ke4 Kf6 52. Kd5 Ne5 53. Ra8 Ng4 54. Rf8+ Kg7 55. Rf3 Nh6 56. Ke6 Ng8 57. Rf7+ Kh8 58. Ra7 Nh6 59. Kf6 Ng8+ 60. Kxg6 Ne7+ 61. Rxe7 Kg8 1-0

[Event "Winnipeg TNT February op"]
[Site "Winnipeg CAN"]
[Date "2017.02.14"]
[Round "2.4"]
[White "Letain, Cory"]
[Black "Bince, Rolando"]
[Result "0-1"]
[WhiteElo "1737"]
[BlackElo "2144"]
[WhiteFideId "-1"]
[WhiteFideId "-1"]
[PlyCount "60"]
[GameId "2160767908478723"]
[EventDate "2017.02.07"]
[EventType "swiss"]
[EventRounds "4"]
[EventCountry "CAN"]
[SourceTitle "EXT 2022"]
[Source "ChessBase"]
[SourceDate "2021.10.06"]
[SourceVersion "1"]
[SourceVersionDate "2021.10.06"]
[SourceQuality "1"]

1. e4 e5 2. Nf3 Nf6 3. Nxe5 d6 4. Nf3 Nxe4 5. Nc3 Qe7 6. Nxe4 Qxe4+ 7. Qe2 Bf5 8. d3 Qxe2+ 9. Bxe2 Nc6 10. Be3 Nb4 11. Nd4 Bd7 12. c3 Nd5 13. O-O Nxe3 14. fxe3 g6 15. h3 Bh6 16. Rf3 O-O 17. e4 c5 18. Nc2 Bc6 19. b4 Bg7 20. bxc5 dxc5 21. c4 Bxa1 22. Nxa1 f5 23. Nb3 b6 24. Nd2 Rad8 25. Rf4 Bxe4 26. Nxe4 fxe4 27. Rxf8+ Kxf8 28. dxe4 Rd2 29. Bf3 Rxa2 30. e5 a5 0-1

[Event "Winnipeg TNT February op"]
[Site "Winnipeg CAN"]
[Date "2017.02.14"]
[Round "2.4"]
[White "Magnusson, Saul"]
[Black "Russo, Max"]
[Result "1-0"]
[WhiteElo "2082"]
[BlackElo "1541"]
[WhiteFideId "-1"]
[WhiteFideId "-1"]
[PlyCount "83"]
[GameId "2160767908478724"]
[EventDate "2017.02.07"]
[EventType "swiss"]
[EventRounds "4"]
[EventCountry "CAN"]
[SourceTitle "EXT 2022"]
[Source "ChessBase"]
[SourceDate "2021.10.06"]
[SourceVersion "1"]
[SourceVersionDate "2021.10.06"]
[SourceQuality "1"]

1. d4 d5 2. c4 c6 3. Nf3 Nf6 4. Qc2 g6 5. Bf4 Bf5 6. Qb3 Qc8 7. e3 Bg7 8. Nc3 Nbd7 9. cxd5 cxd5 10. Nxd5 Nxd5 11. Qxd5 O-O 12. Qc4 Nb6 13. Qb3 Qd7 14. Bb5 Qd5 15. Qxd5 Nxd5 16. Be5 Nb4 17. Kd2 a6 18. Bxg7 Kxg7 19. Be2 Rac8 20. Ne1 Rfd8 21. a3 Nc2 22. Rc1 Nxe1 23. Rhxe1 Rxc1 24. Rxc1 e5 25. Rc4 b5 26. Rb4 exd4 27. Rxd4 Rxd4+ 28. exd4 h5 29. Kc3 Kf6 30. Kb4 Bc8 31. Kc5 Ke6 32. Bf3 f5 33. b4 h4 34. Kc6 g5 35. d5+ Ke5 36. d6 g4 37. Bd1 Kf4 38. d7 Bxd7+ 39. Kxd7 g3 40. hxg3+ hxg3 41. fxg3+ Kxg3 42. Bf3 1-0

[Event "Winnipeg TNT February op"]
[Site "Winnipeg CAN"]
[Date "2017.02.14"]
[Round "2.4"]
[White "Myrzaibraimov, Azamat"]
[Black "Ford, Stephen"]
[Result "0-1"]
[WhiteElo "1633"]
[BlackElo "1575"]
[WhiteFideId "-1"]
[WhiteFideId "-1"]
[PlyCount "82"]
[GameId "2160767908478726"]
[EventDate "2017.02.07"]
[EventType "swiss"]
[EventRounds "4"]
[EventCountry "CAN"]
[SourceTitle "EXT 2022"]
[Source "ChessBase"]
[SourceDate "2021.10.06"]
[SourceVersion "1"]
[SourceVersionDate "2021.10.06"]
[SourceQuality "1"]

1. e4 c5 2. Nf3 d6 3. Bc4 Nc6 4. Ng5 e6 5. Qh5 g6 6. Qh4 Bg7 7. f4 h6 8. O-O hxg5 9. Qg3 Bd4+ 10. Kh1 a6 11. c3 Bf6 12. d3 b5 13. fxg5 Be5 14. Bf4 Bxf4 15. Qxf4 Qe7 16. Bb3 e5 17. Bxf7+ Kd8 18. Qf2 Qxg5 19. Bd5 Nge7 20. Nd2 Nxd5 21. exd5 Ne7 22. Ne4 Qh5 23. g3 Nf5 24. Rae1 Ra7 25. g4 Qxg4 26. Rg1 Qh4 27. Rxg6 Qxf2 28. Nxf2 Rah7 29. h3 Bb7 30. c4 bxc4 31. dxc4 Rf7 32. Reg1 Kc7 33. R6g5 Ng3+ 34. R5xg3 Rxf2 35. Rb3 Bc8 36. a4 Rxh3+ 37. Rxh3 Bxh3 38. Rg7+ Bd7 39. Rg2 Rxg2 40. Kxg2 Kb6 41. Kf3 Bxa4 0-1

[Event "Winnipeg TNT February op"]
[Site "Winnipeg CAN"]
[Date "2017.02.14"]
[Round "2.4"]
[White "Piche, Zachary"]
[Black "Myrzaibraimova, Aibike"]
[Result "0-1"]
[WhiteElo "1319"]
[BlackElo "1582"]
[WhiteFideId "-1"]
[WhiteFideId "-1"]
[PlyCount "61"]
[GameId "2160767908478727"]
[EventDate "2017.02.07"]
[EventType "swiss"]
[EventRounds "4"]
[EventCountry "CAN"]
[SourceTitle "EXT 2022"]
[Source "ChessBase"]
[SourceDate "2021.10.06"]
[SourceVersion "1"]
[SourceVersionDate "2021.10.06"]
[SourceQuality "1"]

1. d4 d5 2. c4 e6 3. Nc3 Bb4 4. Qb3 Nc6 5. Bf4 Nxd4 6. Qa4+ Bd7 7. Qd1 Nc6 8. cxd5 exd5 9. Qxd5 Qf6 10. Qe4+ Nge7 11. Bd2 Bc5 12. Nf3 O-O-O 13. e3 Kb8 14. Bb5 h6 15. a3 Rhe8 16. Qc2 g5 17. b4 Bb6 18. O-O h5 19. Na4 h4 20. Bc3 Nd4 21. Bxd4 Bxd4 22. Nxd4 c6 23. Bc4 b5 24. Bxb5 cxb5 25. Nc5 h3 26. Nxd7+ Rxd7 27. g3 Rxd4 28. Qe2 Rd5 29. Rfd1 a6 30. Qg4 Rh8 31. Qe4 0-1

[Event "Winnipeg TNT February op"]
[Site "Winnipeg CAN"]
[Date "2017.02.14"]
[Round "2.4"]
[White "Wolchock, Theo"]
[Black "Goodman, Clifford"]
[Result "1-0"]
[WhiteElo "1967"]
[BlackElo "1595"]
[WhiteFideId "-1"]
[WhiteFideId "-1"]
[PlyCount "45"]
[GameId "2160767908478729"]
[EventDate "2017.02.07"]
[EventType "swiss"]
[EventRounds "4"]
[EventCountry "CAN"]
[SourceTitle "EXT 2022"]
[Source "ChessBase"]
[SourceDate "2021.10.06"]
[SourceVersion "1"]
[SourceVersionDate "2021.10.06"]
[SourceQuality "1"]

1. c4 c5 2. g3 g6 3. Bg2 Bg7 4. Nc3 Nc6 5. e3 Nf6 6. Nge2 O-O 7. O-O b6 8. d4 Bb7 9. d5 Ne5 10. b3 d6 11. f4 Ned7 12. Bb2 a6 13. a4 Qc7 14. e4 e6 15. Qd2 exd5 16. exd5 Rae8 17. Rfe1 Re7 18. h3 Rfe8 19. g4 h6 20. Ng3 Qd8 21. Nce4 Nxe4 22. Nxe4 Nf6 23. Bxf6 1-0

[Event "Winnipeg TNT February op"]
[Site "Winnipeg CAN"]
[Date "2017.02.21"]
[Round "3.4"]
[White "Bince, Rolando"]
[Black "Baron, Gustav"]
[Result "0-1"]
[WhiteElo "2144"]
[BlackElo "2015"]
[WhiteFideId "-1"]
[WhiteFideId "-1"]
[PlyCount "102"]
[GameId "2160767908478730"]
[EventDate "2017.02.07"]
[EventType "swiss"]
[EventRounds "4"]
[EventCountry "CAN"]
[SourceTitle "EXT 2022"]
[Source "ChessBase"]
[SourceDate "2021.10.06"]
[SourceVersion "1"]
[SourceVersionDate "2021.10.06"]
[SourceQuality "1"]

1. e4 e6 2. d4 d5 3. Nd2 Nf6 4. e5 Nfd7 5. Bd3 c5 6. c3 Nc6 7. Ndf3 Qb6 8. Qb3 c4 9. Qxb6 axb6 10. Bc2 b5 11. a3 b4 12. Ne2 b5 13. O-O bxa3 14. bxa3 b4 15. cxb4 Nxb4 16. Bb1 Nb6 17. Nc3 Bd7 18. Bb2 Na6 19. Bc2 Be7 20. h4 O-O 21. g3 Rfb8 22. Rfb1 Nc7 23. a4 Nc8 24. Bc1 Na6 25. Rxb8 Rxb8 26. Rb1 Rxb1 27. Bxb1 Bb4 28. Bd2 Bxc3 29. Bxc3 Bxa4 30. Kf1 Na7 31. Ke1 Nb5 32. Kd2 Bd1 33. Ne1 Bh5 34. f3 Nb8 35. g4 Bg6 36. Bxg6 hxg6 37. f4 Nc6 38. Nf3 Kf8 39. Kc2 f5 40. gxf5 gxf5 41. h5 Ke7 42. Kd2 Kd7 43. Kc2 Kc7 44. Kb2 Kb6 45. Kc2 Nc7 46. Ng5 Kb5 47. Kb2 Nb4 48. Bxb4 Kxb4 49. Kc2 c3 50. Kd3 Kb3 51. Nf3 c2 0-1

[Event "Winnipeg TNT February op"]
[Site "Winnipeg CAN"]
[Date "2017.02.21"]
[Round "3.4"]
[White "Booth, Kevin"]
[Black "Valentino, Marcos"]
[Result "0-1"]
[WhiteElo "1722"]
[BlackElo "2214"]
[WhiteFideId "-1"]
[WhiteFideId "-1"]
[PlyCount "98"]
[GameId "2160767908478731"]
[EventDate "2017.02.07"]
[EventType "swiss"]
[EventRounds "4"]
[EventCountry "CAN"]
[SourceTitle "EXT 2022"]
[Source "ChessBase"]
[SourceDate "2021.10.06"]
[SourceVersion "1"]
[SourceVersionDate "2021.10.06"]
[SourceQuality "1"]

1. d4 Nf6 2. c4 d6 3. Nc3 Nbd7 4. e4 e5 5. Be3 Be7 6. d5 O-O 7. Be2 a5 8. a3 b6 9. Nf3 Ng4 10. Bd2 Nc5 11. b4 axb4 12. axb4 Rxa1 13. Qxa1 Nb3 14. Qb2 Nxd2 15. Qxd2 f5 16. exf5 Bxf5 17. Bd3 Qd7 18. h3 Nh6 19. Ne4 Nf7 20. Qc2 Nh6 21. Neg5 Bxg5 22. Nxg5 Qe7 23. Ne4 Bg6 24. Ng3 Bxd3 25. Qxd3 Rf4 26. Ne2 Rf8 27. O-O Nf5 28. Ra1 Qh4 29. Ra2 Qf6 30. Ng3 Nxg3 31. Qxg3 Qf4 32. Qxf4 Rxf4 33. Rc2 Rd4 34. Kf1 Kf7 35. Ke2 Ke7 36. Ke3 Kd7 37. b5 Ke7 38. g3 g5 39. f3 Kf6 40. g4 h5 41. Rc1 h4 42. Ke2 Rf4 43. Ke3 e4 44. fxe4 Ke5 45. Rc3 Rxe4+ 46. Kf3 Kd4 47. Rc1 Re3+ 48. Kg2 Kc5 49. Rc2 Re4 0-1